<?xml version="1.0" encoding="UTF-8"?><?xml-stylesheet type="text/xsl" href="static/style.xsl"?><OAI-PMH xmlns="http://www.openarchives.org/OAI/2.0/" xmlns:xsi="http://www.w3.org/2001/XMLSchema-instance" xsi:schemaLocation="http://www.openarchives.org/OAI/2.0/ http://www.openarchives.org/OAI/2.0/OAI-PMH.xsd"><responseDate>2026-04-27T13:50:36Z</responseDate><request verb="GetRecord" identifier="oai:uvadoc.uva.es:10324/7929" metadataPrefix="marc">https://uvadoc.uva.es/oai/request</request><GetRecord><record><header><identifier>oai:uvadoc.uva.es:10324/7929</identifier><datestamp>2021-06-23T18:37:14Z</datestamp><setSpec>com_10324_30605</setSpec><setSpec>com_10324_894</setSpec><setSpec>col_10324_41</setSpec></header><metadata><record xmlns="http://www.loc.gov/MARC21/slim" xmlns:doc="http://www.lyncode.com/xoai" xmlns:xsi="http://www.w3.org/2001/XMLSchema-instance" xmlns:dcterms="http://purl.org/dc/terms/" xsi:schemaLocation="http://www.loc.gov/MARC21/slim http://www.loc.gov/standards/marcxml/schema/MARC21slim.xsd">
<leader>00925njm 22002777a 4500</leader>
<datafield tag="042" ind1=" " ind2=" ">
<subfield code="a">dc</subfield>
</datafield>
<datafield tag="720" ind1=" " ind2=" ">
<subfield code="a">Alonso de Miguel, Iván</subfield>
<subfield code="e">author</subfield>
</datafield>
<datafield tag="260" ind1=" " ind2=" ">
<subfield code="c">2014</subfield>
</datafield>
<datafield tag="520" ind1=" " ind2=" ">
<subfield code="a">Contribución Experimental: &#xd;
  Calibrado y puesta a punto del densímetro Anton Paar DSA 5000 y del microcalorímetro Tian-Calvet.&#xd;
  Determinación de los volúmenes, las compresibilidades isoentrópicas y las entalpías de exceso de mezclas amina + cetona o + n-alcano. El estudio se ha completado con el análisis espectroscópico de mezclas 2-butanona + amina.&#xd;
Contribución Teórica:&#xd;
  Formulación de las ecuaciones de la Termodinámica de mezclas.&#xd;
  Estudio mecánico-estadístico de líquidos y de mezclas de no electrolitos. Se han estudiado las hipótesis fundamentales de diferentes modelos y sus ecuaciones. Los modelos ERAS y DISQUAC se han aplicado a las mezclas estudiadas, lo que ha permitido obtener algunas conclusiones importantes acerca de sus propiedades.&#xd;
 Haciendo uso de los resultados experimentales, se presenta la aplicación de los modelos anteriores para el estudio de mezclas amina + cetona o +n-alcano. Además, se han discutido las propiedades generales de las mezclas de interés en base a consideraciones puramente experimentales.</subfield>
</datafield>
<datafield tag="024" ind2=" " ind1="8">
<subfield code="a">http://uvadoc.uva.es/handle/10324/7929</subfield>
</datafield>
<datafield tag="024" ind2=" " ind1="8">
<subfield code="a">b1699523</subfield>
</datafield>
<datafield tag="024" ind2=" " ind1="8">
<subfield code="a">10.35376/10324/7929</subfield>
</datafield>
<datafield ind1=" " ind2=" " tag="653">
<subfield code="a">Termodinámica</subfield>
</datafield>
<datafield ind1=" " ind2=" " tag="653">
<subfield code="a">Termoquímica</subfield>
</datafield>
<datafield ind1=" " ind2=" " tag="653">
<subfield code="a">Calorímetros y calorimetría</subfield>
</datafield>
<datafield ind1=" " ind2=" " tag="653">
<subfield code="a">Físisca Estadística</subfield>
</datafield>
<datafield tag="245" ind1="0" ind2="0">
<subfield code="a">Estudio experimental y teórico de mezclas binarias de aminas y cetonas</subfield>
</datafield>
</record></metadata></record></GetRecord></OAI-PMH>